Lanean...
Every trainer's handbook/
| Egile nagusia: | |
|---|---|
| Formatua: | Printed Book |
| Hizkuntza: | English |
| Argitaratua: |
New Delhi
Sage Publications
2002
|
| Edizioa: | 2 |
| LEADER | 00500nam a2200157Ia 4500 | ||
|---|---|---|---|
| 008 | 160725s9999||||xx |||||||||||||| ||eng|| | ||
| 020 | |a 9788132100812 | ||
| 082 | |a 658.3124 | ||
| 100 | |a Agochiya, Devendra | ||
| 245 | |a Every trainer's handbook/ | ||
| 250 | |a 2 | ||
| 260 | |b Sage Publications |a New Delhi | ||
| 260 | |c 2002 | ||
| 300 | |a 408p. | ||
| 999 | |c 297777 |d 297777 | ||
| 952 | |0 0 |1 0 |4 0 |6 658_312400000000000 |7 0 |8 CPE |9 338440 |a DPE |b DPE |c ST1 |d 2016-07-25 |g 495.00 |i 1022 |l 0 |o 658.3124 |p CPE1022 |r 2016-07-25 |w 2016-07-25 |y BK | ||